[Event "Belgrade Winter op"]
[Site "Belgrade"]
[Date "2011.01.26"]
[Round "5"]
[White "Jovanovic, Sasa T"]
[Black "Paulic, Branko"]
[Result "0-1"]
[WhiteElo "2278"]
[BlackElo "2146"]
[PlyCount "86"]
[EventDate "2011.01.22"]
[EventType "swiss"]
[EventRounds "9"]
[EventCountry "SRB"]
[SourceTitle "CBM 140 Extra"]
[Source "ChessBase"]
[SourceDate "2011.03.01"]
[SourceVersion "1"]
[SourceVersionDate "2011.03.01"]
[SourceQuality "1"]

1. d4 d5 2. c4 c6 3. Nc3 Nf6 4. e3 g6 5. Nf3 Bg7 6. h3 0-0 7. Bd3 Bf5 8. Bxf5 gxf5 9. cxd5 Nxd5 10. g4 Nxc3 11. bxc3 Qd5 12. Rg1 fxg4 13. Rxg4 f5 14. e4 Qa5 15. Qb3+ Kh8 16. exf5 Qd5 17. Qxd5 cxd5 18. Rb1 b6 19. Rb5 Rxf5 20. Ng5 Nc6 21. Rh4 Kg8 22. Nxh7 e5 23. Rxd5 Re8 24. Kf1 Ne7 25. Rd6 exd4 26. cxd4 Nd5 27. Rd7 Ne7 28. Re4 Kxh7 29. Rexe7 Rxe7 30. Rxe7 Kg6 31. Rd7 Ra5 32. Bf4 Rxa2 33. Bb8 a6 34. Rd6+ Kf5 35. Rd7 Bf6 36. Ba7 Ke6 37. Rb7 Bxd4 38. f4 Rb2 39. Bb8 a5 40. Bc7 a4 41. Ra7 b5 42. Ra6+ Kf5 43. Rd6 Be3 0-1

[Event "Belgrade Trophy 23rd"]
[Site "Obrenovac"]
[Date "2010.11.26"]
[Round "3"]
[White "Ivanovic, Lazar"]
[Black "Paulic, Branko"]
[Result "0-1"]
[WhiteElo "1858"]
[BlackElo "2131"]
[PlyCount "118"]
[EventDate "2010.11.24"]
[EventType "swiss"]
[EventRounds "9"]
[EventCountry "YUG"]
[SourceTitle "CBM 139 Extra"]
[Source "ChessBase"]
[SourceDate "2011.01.05"]
[SourceVersion "1"]
[SourceVersionDate "2011.01.05"]
[SourceQuality "1"]

1. d4 Nf6 2. c4 e6 3. Nc3 Bb4 4. e3 0-0 5. Bd3 c5 6. a3 Bxc3+ 7. bxc3 d6 8. Nf3 Nc6 9. 0-0 e5 10. Qc2 Qe7 11. Ng5 h6 12. Nh7 Nxh7 13. Bxh7+ Kh8 14. Bd3 f5 15. f3 b6 16. Bb2 Na5 17. Kh1 Be6 18. d5 Bd7 19. g4 fxg4 20. Qg2 g5 21. fxg4 e4 22. Bxe4 Nxc4 23. Bd3 Nxb2 24. Qxb2 Qe5 25. Qg2 Kg7 26. c4 Rae8 27. Rae1 Rxf1+ 28. Bxf1 Qc3 29. Qg3 Qe5 30. Qg2 Re7 31. h3 Be8 32. Qh2 a6 33. Qxe5+ Rxe5 34. Rb1 b5 35. Rb3 Bg6 36. cxb5 axb5 37. Rxb5 Rxd5 38. Bc4 Rd2 39. Rb7+ Kf6 40. Rd7 d5 41. Bb5 Be4+ 42. Kg1 Rg2+ 43. Kf1 Rb2 44. a4 c4 45. Rc7 Bg2+ 46. Ke1 Bxh3 47. e4 dxe4 48. Rxc4 Ke5 49. Bc6 Bg2 50. a5 Ra2 51. Ra4 Rxa4 52. Bxa4 e3 53. Ke2 Kd4 54. Bc2 Bb7 55. Bd3 Bf3+ 56. Kxf3 Kxd3 57. a6 e2 58. a7 e1Q 59. a8Q Qh1+ 0-1

[Event "Belgrade Trophy 23rd"]
[Site "Obrenovac"]
[Date "2010.11.25"]
[Round "2"]
[White "Paulic, Branko"]
[Black "Savicevic, Vlatko"]
[Result "0-1"]
[WhiteElo "2131"]
[BlackElo "2348"]
[PlyCount "72"]
[EventDate "2010.11.24"]
[EventType "swiss"]
[EventRounds "9"]
[EventCountry "YUG"]
[SourceTitle "CBM 139 Extra"]
[Source "ChessBase"]
[SourceDate "2011.01.05"]
[SourceVersion "1"]
[SourceVersionDate "2011.01.05"]
[SourceQuality "1"]

1. e4 c5 2. Nc3 Nc6 3. g3 g6 4. Bg2 Bg7 5. d3 d6 6. Nh3 Nf6 7. Nf4 0-0 8. 0-0 Rb8 9. h3 e6 10. g4 b5 11. Nce2 b4 12. Ng3 Ne8 13. Nfe2 e5 14. Be3 Nc7 15. Qd2 Ne6 16. Kh2 Bd7 17. Rh1 Qh4 18. Raf1 Ncd4 19. c3 bxc3 20. bxc3 Nxe2 21. Nxe2 Rb6 22. Rb1 f5 23. Rxb6 axb6 24. exf5 gxf5 25. gxf5 Rxf5 26. Ng3 Rf8 27. Bd5 Kh8 28. Kg1 Nf4 29. Bxf4 exf4 30. Ne4 Qh5 31. c4 Bxh3 32. Nxd6 Qg4+ 33. Kh2 f3 34. Rg1 Be5+ 35. Rg3 Bxg3+ 36. fxg3 f2 0-1

[Event "SRB-chT quality"]
[Site "Belgrade"]
[Date "2010.10.24"]
[Round "6"]
[White "Paulic, Branko"]
[Black "Pantic, Ivica"]
[Result "1-0"]
[WhiteElo "2131"]
[BlackElo "2275"]
[PlyCount "53"]
[EventDate "2010.10.09"]
[EventType "team-tourn"]
[EventRounds "11"]
[EventCountry "YUG"]
[SourceTitle "EXT 2011"]
[Source "ChessBase"]
[SourceDate "2010.11.26"]
[SourceVersion "1"]
[SourceVersionDate "2010.11.26"]
[SourceQuality "1"]

1. e4 c5 2. Nc3 Nc6 3. g3 g6 4. Bg2 Bg7 5. d3 e6 6. Bf4 d6 7. Qd2 Nge7 8. Bh6 0-0 9. h4 f5 10. Bxg7 Kxg7 11. h5 Rh8 12. Nf3 Bd7 13. 0-0-0 Qa5 14. h6+ Kf7 15. Ng5+ Ke8 16. exf5 Nxf5 17. Rhe1 Nfd4 18. Bxc6 bxc6 19. Nge4 d5 20. Nd6+ Kf8 21. Qf4+ Ke7 22. Nb7 Qb6 23. Qd6+ Ke8 24. Nxc5 Rd8 25. Nxe6 Bxe6 26. Rxe6+ Nxe6 27. Qxe6+ 1-0

[Event "SRB-chT quality"]
[Site "Belgrade"]
[Date "2010.10.23"]
[Round "5"]
[White "Sarenac, David"]
[Black "Paulic, Branko"]
[Result "1/2-1/2"]
[WhiteElo "2255"]
[BlackElo "2131"]
[PlyCount "107"]
[EventDate "2010.10.09"]
[EventType "team-tourn"]
[EventRounds "11"]
[EventCountry "YUG"]
[SourceTitle "EXT 2011"]
[Source "ChessBase"]
[SourceDate "2010.11.26"]
[SourceVersion "1"]
[SourceVersionDate "2010.11.26"]
[SourceQuality "1"]

1. e4 e6 2. d4 d5 3. Nc3 Bb4 4. e5 Ne7 5. a3 Bxc3+ 6. bxc3 b6 7. Nf3 Ba6 8. Bxa6 Nxa6 9. Qd3 Nb8 10. 0-0 Nbc6 11. c4 dxc4 12. Qxc4 Na5 13. Qd3 Qd5 14. a4 0-0-0 15. Bg5 Rd7 16. Bxe7 Rxe7 17. Rfc1 Nc4 18. a5 Rd7 19. axb6 cxb6 20. Ra4 Rc7 21. Rb1 h6 22. Rbb4 b5 23. Ra1 a5 24. Rbb1 b4 25. Rc1 Rd8 26. Qb3 Nb6 27. Qd3 Kb7 28. Qh7 f5 29. exf6 gxf6 30. Qxh6 Qf5 31. Nd2 Rxc2 32. Rxc2 Qxc2 33. Qxf6 Rd5 34. Nf1 Rf5 35. Qe7+ Ka6 36. f3 Qc3 37. Rd1 Rd5 38. Qxe6 Rxd4 39. Qe2+ Qc4 40. Qxc4+ Rxc4 41. Ne3 Rc3 42. Kf2 b3 43. h4 a4 44. h5 b2 45. h6 Rc8 46. h7 Rh8 47. Rb1 a3 48. Nc2 Rxh7 49. Nxa3 Na4 50. Nc4 Nc3 51. Rxb2 Nd1+ 52. Ke2 Nxb2 53. Nxb2 Rd7 54. Nd3 1/2-1/2

[Event "Belgrade-chT Quality"]
[Site "Belgrade"]
[Date "2009.10.17"]
[Round "2"]
[White "Paulic, Branko"]
[Black "Mrdak, Milomir"]
[Result "1/2-1/2"]
[WhiteElo "2181"]
[BlackElo "2077"]
[PlyCount "126"]
[EventDate "2009.10.11"]
[EventType "team-tourn"]
[EventRounds "11"]
[EventCountry "YUG"]
[SourceTitle "CBM 133 Extra"]
[Source "ChessBase"]
[SourceDate "2010.01.05"]
[SourceVersion "1"]
[SourceVersionDate "2010.01.05"]
[SourceQuality "1"]

1. e4 c6 2. d4 d5 3. exd5 cxd5 4. c4 Nf6 5. Nc3 e6 6. Bg5 Be7 7. Nf3 Nc6 8. Rc1 h6 9. Bh4 g5 10. Bg3 Bb4 11. c5 Ne4 12. a3 Bxc3+ 13. bxc3 h5 14. Bd3 h4 15. Be5 f6 16. Bd6 Nxd6 17. cxd6 Qxd6 18. Bg6+ Kd8 19. 0-0 g4 20. Ne1 Qf4 21. Bb1 g3 22. h3 gxf2+ 23. Rxf2 Qe3 24. Nc2 Qg5 25. Nb4 a5 26. Nxc6+ bxc6 27. c4 Bd7 28. Rc3 Rb8 29. Rcf3 f5 30. Qe1 Ra8 31. cxd5 cxd5 32. Qe5 Rf8 33. Qd6 Rf7 34. Rc3 Qf6 35. Rf4 Rc8 36. Qb6+ Ke8 37. Qxa5 Qg5 38. Rxc8+ Bxc8 39. Qd2 Rc7 40. Bd3 Bd7 41. Bxf5 Kd8 42. Bg4 Qg7 43. Qf2 Rc1+ 44. Kh2 Qe7 45. Rf8+ Kc7 46. Qf4+ Qd6 47. Bf3 Rc4 48. Qxd6+ Kxd6 49. Rf4 e5 50. Rf6+ Be6 51. Bg4 exd4 52. Rxe6+ Kc5 53. Bf5 Rc3 54. Re5 d3 55. Re1 Rxa3 56. Rd1 Kd4 57. Kg1 Ke3 58. Re1+ Kf4 59. Rf1+ Ke3 60. Bg4 Rc3 61. Re1+ Kf4 62. Bf3 d2 63. Rd1 Ke3 1/2-1/2

[Event "Belgrade-chT Quality"]
[Site "Belgrade"]
[Date "2009.10.11"]
[Round "1"]
[White "Keserovic, Milan"]
[Black "Paulic, Branko"]
[Result "1/2-1/2"]
[WhiteElo "2213"]
[BlackElo "2181"]
[PlyCount "78"]
[EventDate "2009.10.11"]
[EventType "team-tourn"]
[EventRounds "11"]
[EventCountry "YUG"]
[SourceTitle "CBM 133 Extra"]
[Source "ChessBase"]
[SourceDate "2010.01.05"]
[SourceVersion "1"]
[SourceVersionDate "2010.01.05"]
[SourceQuality "1"]

1. e4 e6 2. d4 d5 3. Nd2 a6 4. Ngf3 Nf6 5. Bd3 c5 6. e5 Nfd7 7. c3 Nc6 8. 0-0 cxd4 9. cxd4 Be7 10. a3 g5 11. Nb3 a5 12. Be3 g4 13. Nfd2 a4 14. Nc1 h5 15. f4 Qb6 16. Ne2 f5 17. exf6 Bxf6 18. Bg6+ Kd8 19. Kh1 Ne7 20. Bc2 Nf5 21. Bxf5 exf5 22. Nc3 Qa5 23. b4 axb3 24. Qxb3 Nb6 25. Rab1 Ra6 26. Nb5 Bd7 27. Nd6 Kc7 28. Nf7 Re8 29. Rfc1+ Kb8 30. Ne5 Ba4 31. Qd3 Bxe5 32. dxe5 Nc4 33. Nxc4 dxc4 34. Qxc4 Bc6 35. Bc5 h4 36. Bd6+ Ka8 37. Rb2 h3 38. Kg1 hxg2 39. Qf7 Qd5 1/2-1/2

[Event "Belgrade Spring op"]
[Site "Belgrade"]
[Date "2009.03.23"]
[Round "3"]
[White "Djokic, Nenad"]
[Black "Paulic, Branko"]
[Result "1/2-1/2"]
[WhiteElo "2350"]
[BlackElo "2201"]
[PlyCount "110"]
[EventDate "2009.03.21"]
[EventType "swiss"]
[EventRounds "9"]
[EventCountry "YUG"]
[SourceTitle "CBM 129 Extra"]
[Source "ChessBase"]
[SourceDate "2009.05.05"]
[SourceVersion "2"]
[SourceVersionDate "2009.05.20"]
[SourceQuality "1"]

1. d4 d5 2. c4 c6 3. Nc3 Nf6 4. Nf3 g6 5. Qb3 Bg7 6. cxd5 Nxd5 7. e4 Nxc3 8. bxc3 0-0 9. Be2 b6 10. 0-0 Ba6 11. Bxa6 Nxa6 12. Rd1 Qc7 13. a4 Rab8 14. Ba3 Rb7 15. Rac1 Qc8 16. c4 c5 17. d5 Nb8 18. e5 Rd8 19. Re1 e6 20. Bb2 Na6 21. Rcd1 Rbd7 22. Ng5 Nc7 23. d6 Ne8 24. Qh3 h6 25. Nxe6 fxe6 26. Qxe6+ Kh7 27. Rd3 Nxd6 28. Red1 Re8 29. Qd5 Rde7 30. Qxd6 Bxe5 31. Bxe5 Rxe5 32. h4 Qg4 33. Qc7+ R5e7 34. Qg3 Qxg3 35. fxg3 Re1+ 36. Rxe1 Rxe1+ 37. Kf2 Re4 38. Rd7+ Kg8 39. Rxa7 Rxc4 40. a5 bxa5 41. Rxa5 Kf7 42. Ra6 h5 43. Rc6 Rc1 44. Ke3 Rc4 45. Kf3 Kg7 46. Ke3 Rc2 47. Kf4 Kh6 48. Rc7 c4 49. g4 hxg4 50. g3 c3 51. Kxg4 Rc1 52. Rc6 Kh7 53. Kg5 c2 54. g4 Rd1 55. Rxc2 Rd4 1/2-1/2

[Event "Belgrade-ch"]
[Site "Belgrade"]
[Date "2009.01.30"]
[Round "7"]
[White "Paulic, Branko"]
[Black "Katic, Goran"]
[Result "1/2-1/2"]
[WhiteElo "2201"]
[BlackElo "2096"]
[PlyCount "128"]
[EventDate "2009.01.24"]
[EventType "swiss"]
[EventRounds "9"]
[EventCountry "YUG"]
[SourceTitle "CBM 128 Extra"]
[Source "ChessBase"]
[SourceDate "2009.03.05"]
[SourceVersion "2"]
[SourceVersionDate "2009.03.25"]
[SourceQuality "1"]

1. e4 c6 2. Nc3 d5 3. Nf3 dxe4 4. Nxe4 Nd7 5. d4 Ngf6 6. Bd3 Nxe4 7. Bxe4 Nf6 8. Bd3 Bg4 9. c3 e6 10. h3 Bh5 11. Bf4 Qb6 12. 0-0 Be7 13. b4 Nd5 14. Bd2 Qc7 15. Re1 0-0 16. a3 b6 17. c4 Nf6 18. Qe2 Rfe8 19. g4 Bg6 20. Ne5 Bxd3 21. Nxd3 Rad8 22. Bc3 Nd7 23. Rad1 Bf6 24. Ne5 Nxe5 25. dxe5 Be7 26. Rxd8 Rxd8 27. Rd1 Rxd1+ 28. Qxd1 Qd8 29. Qxd8+ Bxd8 30. b5 c5 31. f4 Kf8 32. Kg2 Kg8 33. Kf3 h6 34. Be1 Kh7 35. Ke4 g6 36. a4 Be7 37. a5 Bd8 38. Bf2 Be7 39. h4 Bd8 40. h5 Be7 41. Be1 gxh5 42. gxh5 Bd8 43. Bf2 Kg7 44. f5 Kh7 45. Be3 Bc7 46. Bf2 Bd8 47. Bg3 Kg8 48. Bf2 Kh7 49. Be3 Kg7 50. Bd2 Kh7 51. Be1 Kg7 52. Kf3 Kh7 53. Bf2 Kg7 54. Kg4 Kh7 55. Kf3 Kg7 56. Bg3 Kh7 57. f6 Bc7 58. Ke4 Bb8 59. Bf4 Bc7 60. Kd3 Bb8 61. Kc3 Bc7 62. Kb3 Bb8 63. Ka4 Bc7 64. a6 Bd8 1/2-1/2

[Event "Belgrade Trophy 21st"]
[Site "Obrenovac"]
[Date "2008.12.01"]
[Round "5"]
[White "Nestorovic, Dejan"]
[Black "Paulic, Branko"]
[Result "1/2-1/2"]
[WhiteElo "2424"]
[BlackElo "2165"]
[PlyCount "122"]
[EventDate "2008.11.27"]
[EventType "swiss"]
[EventRounds "9"]
[EventCountry "YUG"]
[SourceTitle "CBM 127 Extra"]
[Source "ChessBase"]
[SourceDate "2009.01.08"]
[SourceVersion "2"]
[SourceVersionDate "2009.01.28"]
[SourceQuality "1"]

1. d4 d5 2. c4 c6 3. Nf3 Nf6 4. e3 g6 5. Nc3 Bg7 6. Bd3 0-0 7. 0-0 Bg4 8. h3 Bxf3 9. Qxf3 e6 10. Rd1 Nbd7 11. b3 Re8 12. Bb2 a6 13. Bf1 b5 14. cxb5 cxb5 15. a4 b4 16. Na2 Qb6 17. Rac1 Rec8 18. Qe2 a5 19. Rc2 Ne4 20. Rdc1 Nd6 21. Qd1 Qb7 22. Bd3 Rxc2 23. Rxc2 Rc8 24. Nc1 Rxc2 25. Qxc2 f5 26. Be2 Qc8 27. Qxc8+ Nxc8 28. Nd3 Kf7 29. Ne5+ Bxe5 30. dxe5 Nc5 31. Bd1 Nb6 32. Bd4 Nbd7 33. Bc2 Ke7 34. g4 Nb7 35. Kg2 Nbc5 36. Kg3 Ne4+ 37. Kg2 Nec5 38. f3 Nb7 39. Kg3 Nd8 40. Bd3 Nc6 41. f4 Nxd4 42. exd4 Nb6 43. h4 Kf7 44. h5 Nc8 45. hxg6+ hxg6 46. gxf5 gxf5 47. Kh4 Na7 48. Be2 Nc6 49. Kg3 Nxd4 50. Bd1 Ke7 51. Kf2 Kd7 52. Ke3 Nc6 53. Bh5 Ke7 54. Be2 Kd8 55. Bb5 Kc7 56. Bxc6 Kxc6 57. Kd4 Kb6 58. Ke3 Kc5 59. Kd3 d4 60. Kd2 Kc6 61. Ke2 Kb6 1/2-1/2

[Event "Belgrade-chT Quality"]
[Site "Belgrade"]
[Date "2008.11.02"]
[Round "2"]
[White "Paulic, Branko"]
[Black "Knezevic, Milorad J"]
[Result "0-1"]
[WhiteElo "2165"]
[BlackElo "2183"]
[PlyCount "92"]
[EventDate "2008.11.01"]
[EventType "team-swiss"]
[EventRounds "11"]
[EventCountry "YUG"]
[SourceTitle "CBM 127 Extra"]
[Source "ChessBase"]
[SourceDate "2009.01.08"]
[SourceVersion "2"]
[SourceVersionDate "2009.01.28"]
[SourceQuality "1"]

1. e4 e6 2. d4 d5 3. Nc3 Bb4 4. e5 c5 5. a3 Bxc3+ 6. bxc3 Ne7 7. a4 Qa5 8. Bd2 Qc7 9. Nf3 Nbc6 10. Bd3 h6 11. 0-0 Bd7 12. Re1 c4 13. Bf1 Nf5 14. g4 Nfe7 15. Bc1 0-0-0 16. Ba3 f5 17. a5 Rdf8 18. g5 Be8 19. h4 Bh5 20. Be2 Bxf3 21. Bxf3 hxg5 22. hxg5 Rf7 23. Kg2 Ng6 24. Rg1 Nh4+ 25. Kf1 Nxf3 26. Qxf3 Qxa5 27. Ke2 Qd8 28. g6 Rd7 29. Bc1 Qe8 30. Qg3 a6 31. Ba3 Rh6 32. Bc1 Rh5 33. Qf3 Rh4 34. Be3 Ne7 35. Bg5 Rh8 36. Bxe7 Qxe7 37. Rh1 Rxh1 38. Rxh1 Qg5 39. Qh5 Qg2 40. Rh4 Kc7 41. Qh8 Qxg6 42. Qf8 Rd8 43. Qc5+ Kb8 44. Qb6 Rc8 45. Rh1 Qg4+ 46. Kd2 Qf4+ 0-1

[Event "Belgrade Spring op"]
[Site "Belgrade"]
[Date "2008.03.25"]
[Round "1"]
[White "Paulic, Branko"]
[Black "Tomin, Nenad"]
[Result "1-0"]
[WhiteElo "2120"]
[BlackElo "1751"]
[PlyCount "55"]
[EventDate "2008.03.25"]
[EventType "swiss"]
[EventRounds "9"]
[EventCountry "YUG"]
[SourceTitle "CBM 123 Extra"]
[Source "ChessBase"]
[SourceDate "2008.05.06"]
[SourceVersion "1"]
[SourceVersionDate "2008.05.06"]
[SourceQuality "1"]

1. e4 c5 2. Nc3 Nc6 3. g3 g6 4. Bg2 Bg7 5. d3 e6 6. Bf4 d6 7. Qd2 a6 8. Nge2 Nge7 9. Bh6 0-0 10. h4 f5 11. h5 Rf7 12. hxg6 Nxg6 13. exf5 Nf8 14. Bxg7 Rxg7 15. fxe6 Bxe6 16. 0-0-0 Rc8 17. Nf4 Bf7 18. Bd5 b5 19. Nh5 Bxd5 20. Nxd5 Rf7 21. Qh6 Ne5 22. Nhf6+ Kh8 23. f4 Ned7 24. Ne4 Rg7 25. Qxd6 Rg6 26. Qe7 Qa5 27. Kb1 Re6 28. Rxh7+ 1-0

[Event "Belgrade Winter op"]
[Site "Belgrade"]
[Date "2008.01.28"]
[Round "7"]
[White "Cosic, Nebojsa"]
[Black "Paulic, Branko"]
[Result "0-1"]
[WhiteElo "1813"]
[BlackElo "2120"]
[PlyCount "52"]
[EventDate "2008.01.22"]
[EventType "swiss"]
[EventRounds "9"]
[EventCountry "YUG"]
[SourceTitle "CBM 122 Extra"]
[Source "ChessBase"]
[SourceDate "2008.03.04"]
[SourceVersion "1"]
[SourceVersionDate "2008.03.04"]
[SourceQuality "1"]

1. e4 e6 2. d4 d5 3. Nc3 Bb4 4. e5 c5 5. a3 Bxc3+ 6. bxc3 Qc7 7. Qg4 f6 8. Bb5+ Kf8 9. exf6 Nxf6 10. Qf3 cxd4 11. cxd4 Qa5+ 12. Bd2 Qxb5 13. Bb4+ Kf7 14. Nh3 Re8 15. Qg3 e5 16. dxe5 Nc6 17. Bd6 Bxh3 18. gxh3 Nxe5 19. Bxe5 Rxe5+ 20. Qxe5 Re8 21. Qxe8+ Qxe8+ 22. Kd2 Qe4 23. Rad1 Qf4+ 24. Kc3 Qf3+ 25. Kb2 Ne4 26. Rhe1 Qc3+ 0-1

[Event "Belgrade Winter op"]
[Site "Belgrade"]
[Date "2008.01.27"]
[Round "6"]
[White "Paulic, Branko"]
[Black "Jovicic, Radosav"]
[Result "0-1"]
[WhiteElo "2120"]
[BlackElo "2288"]
[PlyCount "108"]
[EventDate "2008.01.22"]
[EventType "swiss"]
[EventRounds "9"]
[EventCountry "YUG"]
[SourceTitle "CBM 122 Extra"]
[Source "ChessBase"]
[SourceDate "2008.03.04"]
[SourceVersion "1"]
[SourceVersionDate "2008.03.04"]
[SourceQuality "1"]

1. e4 c6 2. d4 d5 3. exd5 cxd5 4. c4 Nf6 5. Nc3 e6 6. Bg5 Be7 7. Nf3 0-0 8. Rc1 dxc4 9. Bxc4 a6 10. a3 b5 11. Ba2 Bb7 12. 0-0 Nbd7 13. Ne5 Nb6 14. Qe2 Nfd5 15. Bxe7 Nxc3 16. Rxc3 Qxe7 17. Bb1 f5 18. Rh3 Nd5 19. Qh5 Nf6 20. Qg5 Rfd8 21. Rh4 Rac8 22. h3 Rc7 23. Re1 Ne4 24. Qxe7 Rxe7 25. Bxe4 Bxe4 26. Rhxe4 fxe4 27. Nc6 Red7 28. Nxd8 Rxd8 29. Rxe4 Kf7 30. Kf1 Rc8 31. Ke1 Rc2 32. Re2 Rc4 33. Rd2 Ke7 34. Ke2 Kd6 35. Ke3 Kd5 36. f4 a5 37. g4 g6 38. f5 exf5 39. gxf5 gxf5 40. Rf2 Ke6 41. Rg2 Rc1 42. Rg7 Rb1 43. Rxh7 Rxb2 44. Rb7 a4 45. h4 Kd5 46. h5 Kc6 47. Rf7 Rb3+ 48. Kd2 Rxa3 49. Rxf5 Rh3 50. Kc2 Kb6 51. d5 b4 52. d6 Kc6 53. Rd5 Rh2+ 54. Kb1 Kd7 0-1

[Event "Belgrade Spring op"]
[Site "Belgrade"]
[Date "2007.04.02"]
[Round "8"]
[White "Paulic, Branko"]
[Black "Djurdjevic, Petar S"]
[Result "1-0"]
[WhiteElo "2240"]
[BlackElo "2009"]
[PlyCount "87"]
[EventDate "2007.03.26"]
[EventType "swiss"]
[EventRounds "9"]
[EventCountry "YUG"]
[SourceTitle "CBM 117 Extra"]
[Source "ChessBase"]
[SourceDate "2007.05.09"]
[SourceVersion "1"]
[SourceVersionDate "2007.05.09"]
[SourceQuality "1"]

1. e4 c5 2. Nc3 Nc6 3. g3 g6 4. Bg2 Bg7 5. d3 d6 6. f4 Nd4 7. Nd5 e6 8. Ne3 Ne7 9. c3 Ndc6 10. Nf3 Rb8 11. 0-0 b5 12. h4 h5 13. d4 cxd4 14. cxd4 Qb6 15. Nc2 d5 16. e5 Nf5 17. Kh2 b4 18. b3 a5 19. Be3 Ba6 20. Re1 Bf8 21. Bg1 Be7 22. Ne3 Nxe3 23. Bxe3 0-0 24. Bh3 Kg7 25. Qd2 Rh8 26. Rac1 Na7 27. f5 exf5 28. Bg5 Rbe8 29. Bxe7 Rxe7 30. Qg5 Qe6 31. Bxf5 Qxf5 32. Qxe7 Qxf3 33. Qf6+ Qxf6 34. exf6+ Kxf6 35. Rc7 Rc8 36. Rxa7 Rc2+ 37. Kg1 Bd3 38. Rxa5 Kf5 39. Rxd5+ Kg4 40. Re3 Bf5 41. Rb5 Kh3 42. Rxb4 Rg2+ 43. Kf1 Rc2 44. g4+ 1-0

[Event "Belgrade Spring op"]
[Site "Belgrade"]
[Date "2007.04.01"]
[Round "7"]
[White "Vasic, Dusan"]
[Black "Paulic, Branko"]
[Result "1/2-1/2"]
[WhiteElo "1932"]
[BlackElo "2240"]
[PlyCount "103"]
[EventDate "2007.03.26"]
[EventType "swiss"]
[EventRounds "9"]
[EventCountry "YUG"]
[SourceTitle "CBM 117 Extra"]
[Source "ChessBase"]
[SourceDate "2007.05.09"]
[SourceVersion "1"]
[SourceVersionDate "2007.05.09"]
[SourceQuality "1"]

1. c4 e6 2. Nc3 c5 3. e4 Nc6 4. Nf3 d6 5. Be2 g6 6. d4 cxd4 7. Nxd4 a6 8. Be3 Bg7 9. Qd2 Nge7 10. Rd1 0-0 11. Nxc6 Nxc6 12. 0-0 e5 13. Qxd6 Qh4 14. g3 Qh3 15. Bf3 Be6 16. Nd5 Rad8 17. Qa3 Bxd5 18. exd5 Nd4 19. Bxd4 exd4 20. b4 h5 21. c5 Rfe8 22. Qd3 h4 23. Bg2 Qg4 24. Rfe1 hxg3 25. hxg3 Qg5 26. d6 Rxe1+ 27. Rxe1 a5 28. a3 axb4 29. axb4 Rd7 30. f4 Qg4 31. Kf2 b6 32. Bf3 Qh3 33. Rh1 Qe6 34. Qe4 Qa2+ 35. Qe2 Ra7 36. Qxa2 Rxa2+ 37. Ke1 bxc5 38. bxc5 Bf8 39. d7 Be7 40. Kd1 Ra7 41. c6 Ra1+ 42. Kc2 Ra3 43. Bd5 Rc3+ 44. Kd2 Rc5 45. Rc1 Rxc1 46. Kxc1 Bd8 47. Kd2 Kf8 48. Kd3 Bb6 49. Kc4 Ke7 50. Kb5 Bc7 51. Ka6 f6 52. Kb7 1/2-1/2

[Event "Belgrade Spring op"]
[Site "Belgrade"]
[Date "2007.03.30"]
[Round "5"]
[White "Vlahovic, Svetozar"]
[Black "Paulic, Branko"]
[Result "1-0"]
[WhiteElo "2164"]
[BlackElo "2240"]
[PlyCount "124"]
[EventDate "2007.03.26"]
[EventType "swiss"]
[EventRounds "9"]
[EventCountry "YUG"]
[SourceTitle "CBM 117 Extra"]
[Source "ChessBase"]
[SourceDate "2007.05.09"]
[SourceVersion "1"]
[SourceVersionDate "2007.05.09"]
[SourceQuality "1"]

1. e4 e6 2. d4 d5 3. e5 c5 4. c3 Nc6 5. Nf3 Bd7 6. Be2 Nge7 7. 0-0 Nf5 8. b3 cxd4 9. cxd4 Qb6 10. Bb2 Rc8 11. g4 Nh6 12. h3 Be7 13. Nc3 Na5 14. Qd3 a6 15. Rfc1 0-0 16. Nd1 f5 17. exf6 gxf6 18. Rxc8 Rxc8 19. Rc1 Nc6 20. Qd2 Nf7 21. Bd3 Kg7 22. Bb1 Rh8 23. Ne3 Bd6 24. Ng2 Qc7 25. Qe3 h5 26. Qd3 Rh6 27. Re1 Nb4 28. Qc3 Qxc3 29. Bxc3 hxg4 30. hxg4 Ng5 31. Nxg5 fxg5 32. f4 gxf4 33. Bd2 Nc6 34. Bxf4 Bxf4 35. Nxf4 Nxd4 36. Kf2 Kf6 37. Kg3 Bc6 38. Nh5+ Ke7 39. Kf4 Rh8 40. Kg3 Kd6 41. Nf4 Rf8 42. g5 e5 43. Rxe5 Rg8 44. Re1 Rxg5+ 45. Kf2 Rg4 46. Ke3 Nb5 47. Kf3 Rg5 48. Re6+ Kd7 49. Rh6 Re5 50. Rh7+ Kd6 51. Rh6+ Kc7 52. Nd3 d4+ 53. Rxc6+ bxc6 54. Nxe5 Nc3 55. Bd3 Kd6 56. Nc4+ Kc5 57. a3 a5 58. Nd2 Nd5 59. Bc4 Ne3 60. Ke4 Nc2 61. a4 Nb4 62. Nf3 Nc2 1-0